000 00297nam a22001097a 4500
082 _a380.105KOM
100 _aKompass
245 _akompass in association with confederation of british industry
260 _aLondon
_bkompass publishers limited
_c1973
300 _a1774p.
_b:ill.; 30cm.
942 _cBK
999 _c19946
_d19946